Dalit Humanization: M.M. Thomas' theology of salvation and humanization (Record no. 20768)
[ view plain ]
| 000 -LEADER | |
|---|---|
| fixed length control field | 00355nam a22001337a 4500 |
| 020 ## - INTERNATIONAL STANDARD BOOK NUMBER | |
| ISBN | 978-81-8465-621-3 |
| 082 ## - DEWEY DECIMAL CLASSIFICATION NUMBER | |
| Classification number | 230.0899 RAJ |
| 100 ## - MAIN ENTRY--AUTHOR NAME | |
| Author name | Rajaiah, Jeyaraj |
| 245 ## - TITLE STATEMENT | |
| Title | Dalit Humanization: M.M. Thomas' theology of salvation and humanization |
| 260 ## - PUBLICATION, DISTRIBUTION, ETC. (IMPRINT) | |
| Place of publication | Delhi |
| Name of publisher | ISPCK Publishers |
| Year of publication | 2017 |
| 300 ## - PHYSICAL DESCRIPTION | |
| Number of Pages | 284 |
| 650 ## - SUBJECT ADDED ENTRY--TOPICAL TERM | |
| Topical Term | Theology-Dalit |
| 942 ## - ADDED ENTRY ELEMENTS (KOHA) | |
| Koha item type | Books |
| Home library | Current library | Shelving location | Date acquired | Source of acquisition | Cost, normal purchase price | Full call number | Accession Number | Koha item type |
|---|---|---|---|---|---|---|---|---|
| Henry Martyn Institute Library | Henry Martyn Institute Library | General stacks | 11/07/2017 | ISPCK Publishers | 400.00 | 230.0899 RAJ | 25427 | Books |
| Henry Martyn Institute Library | Henry Martyn Institute Library | General stacks | 01/07/2022 | 400.00 | 230.0899 RAJ | 11-4554 | Books | |
| Henry Martyn Institute Library | Henry Martyn Institute Library | General stacks | 01/07/2022 | 400.00 | 230.0899 RAJ | 11-4555 | Books | |
| Henry Martyn Institute Library | Henry Martyn Institute Library | General stacks | 01/07/2022 | 400.00 | 230.0899 RAJ | 11-4553 | Books |
